Normal view MARC view
  • Leigh, J. R.

Entry Personal Name

Number of records used in: 2

001 - CONTROL NUMBER

  • control field: 34444

003 - CONTROL NUMBER IDENTIFIER

  • control field: OSt

005 - DATE AND TIME OF LATEST TRANSACTION

  • control field: 20131111142523.0

008 - FIXED-LENGTH DATA ELEMENTS

  • fixed length control field: 131111|| aca||aabn | a|a d

040 ## - CATALOGING SOURCE

  • Original cataloging agency: OSt
  • Transcribing agency: OSt

100 ## - HEADING--PERSONAL NAME

  • Personal name: Leigh, J. R.
  • Fuller form of name: (James R.)

670 ## - SOURCE DATA FOUND

  • Source citation: Work cat.: (OSt)0: Leigh, J. R. (James R.), Applied digital control :, 1992.